000 01281nam a2200373 a 4500
001 vtls002004295
003 NLI
005 20210627043914.0
008 180613s2012 pl a g 000 0 eng d
020 _a9788377805831 (pbk.)
039 9 _a201911181804
_bPravinbp
_c201806131409
_datanum
_c201806131407
_datanum
_y201806131406
_zatanum
040 _aNLI
_beng
041 0 _aeng
_hchi
044 _apl
082 0 4 _a509.51
_223
100 1 _aKe Zineng
_9725742
245 1 0 _aChinese science and technology/
_cKe Zineng, Xu Fei; translated by Chen Tian
260 _aPoland :
_bWydawnictwo Adam Marszalek ,
_c2012
300 _a213 p. :
_bill. ;
_c23 cm.
440 0 _aSeries of the essence of Chinese culture
_9725743
650 0 _aScience
_zChina
_xHistory
_9685220
650 0 _aTechnology
_zChina
_xHistory
_9685221
700 1 _aXu Fei
_9725744
700 1 _aChen Tian,
_4trl
_9725745
887 _aAtanu Mitra Pravinbp1
901 _aG44720 :
_b13.03.2016
902 _aE 509.51 K 19 c
904 _aAtanu Mitra
905 _aPravinbp1
949 _AVIRTUAITEM
_D10000
_X100
_6GIF000044720ENG
942 _2ddc
_cBKS
999 _aVIRTUA
_c596379
_d596379
999 _aVTLSSORT0080*0200*0400*0410*0440*0820*1000*2450*2600*3000*4400*6500*6501*7000*7001*8520*9010*9020*9040*9050*9992